Estrategias de enseñanza con tecnologías educativas. (Registro nro. 32667)
[ vista simple ]
| 000 -CABECERA | |
|---|---|
| campo fijo de control de longitud | 01527nab a2200265 4500 |
| 003 - IDENTIFICADOR DEL NÚMERO DE CONTROL | |
| campo de control | AR-RoBPED |
| 005 - FECHA Y HORADE LA ULTIMA TRANSACCION | |
| campo de control | 20260429144422.0 |
| 008 - ELEMENTOS DE LONGITUD FIJA--INFORMACION GENERAL | |
| campo fijo de control de longitud | 260429b |||||||| |||| 00| 0 spa d |
| 040 ## - FUENTE CATALOGADORA | |
| Centro catalogador/agencia de origen | AR-RoBPED |
| 041 ## - IDIOMA | |
| Código de idioma para texto/pista de sonido o título independiente | spa |
| 100 1# - ENCABEZAMIENTO PRINCIPAL--AUTOR PERSONAL | |
| Nombre de persona | Rodrigues, Cristina |
| 9 (RLIN) | 24945 |
| Función | Doctora en Ciencias de la Educación y licenciada en Educación inicial |
| 245 1# - TITULO | |
| Título | Estrategias de enseñanza con tecnologías educativas. |
| Subtítulo | Un sendero de los entornos tecnológicos de integración digital / |
| 260 ## - PUBLICACION | |
| Lugar | Buenos Aires : |
| Editor | Noveduc, |
| Fecha | 2023 |
| 300 ## - DESCRIPCION FISICA | |
| Extensión | 14-19 p. |
| 500 ## - NOTA GENERAL | |
| Nota general | El texto aborda la importancia de las estrategias de enseñanza y aprendizaje con tecnologías educativas. Se destaca cómo los docentes significan y se apropian de estas herramientas promoviendo la integración digital en las aulas. Las narrativas docentes permiten reflexionar sobre estas experiencias, y se enfatiza la necesidad de conectar la teoría con la práctica. Los ETID (Entornos Tecnológicos de Integración Digital) facilitan la transformación educativa y requieren una constante adaptación a un entorno en evolución. |
| 650 #7 - TERMINO DE MATERIA--CONTROLADO | |
| Término controlado | TECNOLOGIA EDUCACIONAL |
| 9 (RLIN) | 341 |
| Término controlado | DIDACTICA |
| 9 (RLIN) | 167 |
| Término controlado | INTEGRACION |
| 9 (RLIN) | 7390 |
| Término controlado | ROL DEL DOCENTE |
| 9 (RLIN) | 869 |
| Término controlado | ESTRATEGIAS DE ENSEÑANZA |
| 9 (RLIN) | 12825 |
| Término controlado | DOCENTES |
| 9 (RLIN) | 344 |
| 773 0# - DOCUMENTO FUENTE | |
| Host Biblionumber | 20414 |
| Host Itemnumber | 40098 |
| Place, publisher, and date of publication | Buenos Aires : Noveduc, 1993- |
| Título | Novedades Educativas |
| Record control number | (AR-RoBPED)20414 |
| International Standard Serial Number | 03283534 |
| 942 ## - ELEMENTOS KOHA | |
| Fuente de clasificación | Universal Decimal Classification |
| Koha tipo de ítem | Revistas |
| Clasificación | 37(05) |
| Signatura librística | Nov 86 N° 393 (Dic.2023) |
| Número Koha | k.32667 |
| 945 ## - PROCESAMIENTO DE LA INFORMACIÓN LOCAL | |
| Catalogador y fecha | mar 04/2026 |
No hay ítems disponibles.